O vývoji národného hospodárstva SR v prvom polroku 1993 a o odhade niektorých výsledkov v druhom polroku 1993. 2
Dopyt na hlavných trhoch. Vývoj vo finančnej sfére. Konečná spotreba domácností.
Gespeichert in:
| Format: | Buchkapitel |
|---|---|
| Sprache: | Slowakisch |
| Schlagworte: | |
| Tags: |
Keine Tags, Fügen Sie das erste Tag hinzu!
|
MARC
| LEADER | 00000naa a2200000 4500 | ||
|---|---|---|---|
| 001 | r014006 | ||
| 005 | 20221213082207.3 | ||
| 041 | 0 | |a slo | |
| 044 | |a CZ | ||
| 245 | 1 | 0 | |a O vývoji národného hospodárstva SR v prvom polroku 1993 a o odhade niektorých výsledkov v druhom polroku 1993. 2 |
| 520 | |a Dopyt na hlavných trhoch. Vývoj vo finančnej sfére. Konečná spotreba domácností. | ||
| 610 | 2 | 0 | |a hospodárstvo národné |
| 610 | 2 | 0 | |a rozvoj hospodársky |
| 610 | 2 | 0 | |a Slovensko |
| 610 | 2 | 0 | |a 1993 |
| 610 | 2 | 0 | |a ukazovatele ekonomické |
| 610 | 2 | 0 | |a dopyt |
| 610 | 2 | 0 | |a trh |
| 610 | 2 | 0 | |a financie |
| 610 | 2 | 0 | |a spotreba obyvateľstva |